000 00324nam a22001337a 4500
008 170922b xxu||||| |||| 00| 0 eng d
020 _a9780967539898
041 _aeng
080 _a37
100 _a46
101 _aEDU
245 _aUNDERSTANDING INSULIN PUMPS & CONTINUOUS GLUCOSE MONITORS
_cCHASE, P
942 _2udc
_cBK
999 _c29037
_d29037